000 00241nam a2200097Ia 4500
008 170619s9999 xx 000 0 und d
100 _aPatil- M.B
245 0 _aSimulation of Power Electronic Circuits
260 _bNarora Pub. House
260 _c2013
546 _aENGLISH
999 _c21348
_d21348